कालजयी यात्रा / (Record no. 116459)

MARC details
000 -LEADER
fixed length control field 00970nam a22002537a 4500
005 - DATE AND TIME OF LATEST TRANSACTION
control field 20170124103039.0
010 ## - LIBRARY OF CONGRESS CONTROL NUMBER
LC control number A-521228
020 ## - INTERNATIONAL STANDARD BOOK NUMBER
Terms of availability 90.00
035 ## - SYSTEM CONTROL NUMBER
System control number A-521228
037 ## - SOURCE OF ACQUISITION
Source of stock number/acquisition Cen Lib/Ret
040 ## - CATALOGING SOURCE
Original cataloging agency DPL
Language of cataloging HN
082 ## - DEWEY DECIMAL CLASSIFICATION NUMBER
Classification number
Item number गोयल
100 ## - MAIN ENTRY--PERSONAL NAME
Personal name गोयल, हरीश
9 (RLIN) 66643
245 ## - TITLE STATEMENT
Title कालजयी यात्रा /
Statement of responsibility, etc हरीश गोयल
246 ## - VARYING FORM OF TITLE
Title proper/short title Kaaljyi yatra
Remainder of title by Harish Goyal
260 ## - PUBLICATION, DISTRIBUTION, ETC. (IMPRINT)
Place of publication, distribution, etc अजमेर
Name of publisher, distributor, etc शब्द साधना
Date of publication, distribution, etc 1990
270 ## - ADDRESS
Address 59, शाश्त्री नगर
City अजमेर
Postal code 305001
300 ## - PHYSICAL DESCRIPTION
Extent 248पृष्ठ. :
Dimensions 20सेमी(सजिल्द)
Other physical details चित्र.
650 ## - SUBJECT ADDED ENTRY--TOPICAL TERM
Topical term or geographic name as entry element हिंदी साहित्य
9 (RLIN) 66644
650 ## - SUBJECT ADDED ENTRY--TOPICAL TERM
Topical term or geographic name as entry element हिंदी उपन्यास - वैज्ञानिक
9 (RLIN) 66645
650 ## - SUBJECT ADDED ENTRY--TOPICAL TERM
Topical term or geographic name as entry element Hindi literature
9 (RLIN) 66646
650 ## - SUBJECT ADDED ENTRY--TOPICAL TERM
Topical term or geographic name as entry element hindi novel - Scientific
9 (RLIN) 66647
942 ## - ADDED ENTRY ELEMENTS (KOHA)
Source of classification or shelving scheme Dewey Decimal Classification
Koha item type Hindi Books
Classification part
Call number suffix गोयल
Holdings
Withdrawn status Lost status Damaged status Not for loan Home library Current library Date acquired Source of acquisition Cost, normal purchase price Total Checkouts Full call number Barcode Date last seen Copy number Cost, replacement price Price effective from Koha item type
        Central Library Central Library 24/08/2015 Cen Lib /Ret 90.00   उ गोयल A-521228 24/08/2015 1 90.00 24/08/2015 Hindi Books

© Delhi Public Library
Hit Counter
free hit counter